[Event "Bled Olympiad"]
[Site "Bled SLO"]
[Date "2002.10.28"]
[EventDate "2002.10.26"]
[Round "3"]
[Result "1-0"]
[White "Bernardo Roselli Mailhe"]
[Black "Nirosh De Silva"]
[WhiteElo "2446"]
[BlackElo "2236"]
[PlyCount "59"]

1. e4 c5 2. Nc3 Nc6 3. g3 g6 4. Bg2 Bg7 5. d3 d6 6. f4 e6
7. Nf3 Nge7 8. O-O O-O 9. Be3 Nd4 10. e5 Nef5 11. Bf2 Nxf3+
12. Qxf3 Nd4 13. Qd1 dxe5 14. fxe5 Bxe5 15. Ne4 Nc6 16. Bxc5
Bd4+ 17. Bxd4 Qxd4+ 18. Kh1 f5 19. c3 Qb6 20. Nd6 Qxb2 21. Qe1
Nd8 22. g4 Qb6 23. Qe5 Nf7 24. Nxf7 Rxf7 25. gxf5 gxf5 26. Rg1
Rg7 27. Bf3 Rg6 28. Qf6 Qc7 29. Rxg6+ hxg6 30. Rg1 1-0

[Event "Bled Olympiad"]
[Site "Bled SLO"]
[Date "2002.10.28"]
[EventDate "2002.10.26"]
[Round "3"]
[Result "1-0"]
[White "Faisal Khairallah"]
[Black "Darcy Gustavo Machado Vieira Lima"]
[WhiteElo "2228"]
[BlackElo "2533"]
[PlyCount "51"]

1. e4 e5 2. Nf3 Nc6 3. Bb5 Bc5 4. O-O Nd4 5. Nxd4 Bxd4 6. c3
Bb6 7. d4 c6 8. Bc4 d6 9. f4 exd4 10. cxd4 Nf6 11. Nc3 O-O
12. Bb3 Bg4 13. Qd3 d5 14. e5 Nd7 15. h3 Bh5 16. g4 Bg6 17. f5
Nxe5 18. Qd1 h5 19. Bf4 Nc4 20. fxg6 hxg4 21. Qxg4 Bxd4+
22. Kh1 Nxb2 23. Ne2 Bf6 24. Bc2 d4 25. Bb3 Qa5 26. Bd6 1-0

[Event "Bled Olympiad"]
[Site "Bled SLO"]
[Date "2002.10.28"]
[EventDate "2002.10.26"]
[Round "3"]
[Result "1/2-1/2"]
[White "Giovanni Portilho Vescovi"]
[Black "Fadi Eid"]
[WhiteElo "2614"]
[BlackElo "2392"]
[PlyCount "160"]

1. e4 e5 2. Nf3 Nf6 3. Nxe5 d6 4. Nf3 Nxe4 5. Bd3 Nf6 6. h3
Be7 7. O-O O-O 8. c3 Nbd7 9. Bc2 Ne5 10. d4 Nxf3+ 11. Qxf3 c6
12. Nd2 d5 13. Re1 Re8 14. Nf1 Nd7 15. Ng3 Nf8 16. Nf5 Bxf5
17. Bxf5 Bd6 18. Rxe8 Qxe8 19. Bd2 g6 20. Bd3 Qd7 21. Qg4 Re8
22. Qxd7 Nxd7 23. g4 Kg7 24. Kg2 Nf6 25. f3 h5 26. Re1 Rxe1
27. Bxe1 hxg4 28. fxg4 Bf4 29. Kf3 Bc1 30. b3 Ne8 31. h4 Nd6
32. c4 Bb2 33. Bg3 Ne8 34. cxd5 cxd5 35. Bb5 Kf8 36. Be5 Ng7
37. Bd7 Ne6 38. Bc8 Nxd4+ 39. Kf2 b5 40. Bb7 Bc3 41. Bxd5 b4
42. Bb8 Nb5 43. Bc6 Bd4+ 44. Ke2 Nc3+ 45. Kd3 Bc5 46. h5 Nxa2
47. h6 Kg8 48. Bd5 Nc3 49. h7+ Kxh7 50. Bxf7 a5 51. Be8 Nd5
52. Kc4 Nf6 53. Kxc5 Nxe8 54. Kb5 Nf6 55. g5 Ne4 56. Bf4 Kg8
57. Kxa5 Nc5 58. Be3 Nd3 59. Kb5 Kf7 60. Kc4 Ne1 61. Bb6 Nf3
62. Bd8 Ne5+ 63. Kd5 Nf3 64. Kc5 Ne5 65. Bc7 Nf3 66. Bf4 Ne1
67. Kd5 Ke7 68. Ke4 Nc2 69. Kd5 Kd7 70. Bd2 Kc7 71. Kc5 Kd7
72. Bxb4 Ne3 73. Bc3 Nf5 74. Be5 Kc8 75. Kc6 Nh4 76. Kd6 Kb7
77. Ke6 Kb6 78. Kf6 Kb5 79. Bg3 Nf3 80. Kxg6 Nxg5 1/2-1/2

[Event "Bled Olympiad"]
[Site "Bled SLO"]
[Date "2002.10.28"]
[EventDate "2002.10.26"]
[Round "3"]
[Result "0-1"]
[White "Everaldo Matsuura"]
[Black "Antoine Kassis"]
[WhiteElo "2453"]
[BlackElo "2190"]
[PlyCount "130"]

1. d4 Nf6 2. c4 c5 3. d5 d6 4. Nc3 g6 5. e4 Bg7 6. f3 O-O
7. Bg5 e6 8. Qd2 exd5 9. cxd5 a6 10. a4 Nbd7 11. Nh3 Qa5
12. Ra3 Re8 13. Be2 Ne5 14. Nf2 Qb4 15. O-O Bd7 16. Qc2 c4
17. Be3 Qa5 18. h3 Rac8 19. f4 Nd3 20. Bxd3 cxd3 21. Qxd3 Qb4
22. Rb1 Nxe4 23. Ncxe4 Bf5 24. Bd2 Qd4 25. Qxd4 Bxd4 26. Nxd6
Bxb1 27. Nxe8 Rxe8 28. Kf1 Rd8 29. Bc3 Rxd5 30. g3 Bc2 31. a5
h5 32. Ke2 h4 33. g4 f5 34. Bxd4 Rxd4 35. Rc3 Be4 36. Rc8+ Kg7
37. Rc7+ Kg8 38. Ke3 Rb4 39. Nxe4 Rxe4+ 40. Kf3 Rb4 41. gxf5
gxf5 42. Ke3 Rxb2 43. Kd4 Rb5 44. Rc5 Rb3 45. Rxf5 Rxh3
46. Ke5 Rb3 47. Ke6 Rb5 48. Rxb5 axb5 49. Ke7 h3 50. f5 h2
51. f6 h1=Q 52. f7+ Kh7 53. f8=Q Qd5 54. Qf2 Kg6 55. Qf6+ Kh5
56. Qf2 Kg4 57. Qg1+ Kf4 58. Qf2+ Ke4 59. Qe2+ Kd4 60. Qb2+
Kc4 61. Qe2+ Kb4 62. Qe1+ Kc5 63. Qc3+ Qc4 64. Qe3+ Qd4
65. Qf3 Qd6+ 0-1

[Event "Bled Olympiad"]
[Site "Bled SLO"]
[Date "2002.10.28"]
[EventDate "2002.10.26"]
[Round "3"]
[Result "0-1"]
[White "Nassim Sakr"]
[Black "Cicero Nogueira Braga"]
[WhiteElo "2174"]
[BlackElo "2415"]
[PlyCount "76"]

1. Nf3 g6 2. g3 Bg7 3. Bg2 e5 4. d3 d6 5. c4 f5 6. Nc3 Nf6
7. O-O O-O 8. Rb1 h6 9. b4 g5 10. Nd2 f4 11. Nd5 Nbd7 12. Qc2
Nxd5 13. cxd5 Nf6 14. Qc4 Bg4 15. Bf3 Qd7 16. Re1 Bxf3
17. exf3 Qf7 18. g4 Nxd5 19. b5 Nb6 20. Qxf7+ Kxf7 21. Nc4
Nxc4 22. dxc4 b6 23. a3 a6 24. Kf1 axb5 25. Rxb5 Ra4 26. Re4
Rfa8 27. Ke2 R8a5 28. Rb1 Ke6 29. Bd2 Ra6 30. Bc1 Bf6 31. Kd3
R6a5 32. Rb3 Kd7 33. Bb2 Kc6 34. Re1 d5 35. cxd5+ Rxd5+
36. Ke2 Rc4 37. Bc3 Be7 38. a4 Rxa4 0-1

[Event "Bled Olympiad"]
[Site "Bled SLO"]
[Date "2002.10.28"]
[EventDate "2002.10.26"]
[Round "3"]
[Result "0-1"]
[White "Andrei Obodchuk"]
[Black "Robert Gwaze"]
[WhiteElo "2423"]
[BlackElo "2280"]
[PlyCount "179"]

1. c4 Nf6 2. Nc3 e5 3. Nf3 Nc6 4. g3 Nd4 5. Bg2 Nxf3+ 6. Bxf3
Bc5 7. e3 O-O 8. O-O Re8 9. d4 Bb4 10. dxe5 Bxc3 11. bxc3 Rxe5
12. Qd4 Ra5 13. e4 d6 14. Rb1 Nd7 15. Rb2 Qe7 16. Be2 b6
17. f4 Bb7 18. Bf3 Re8 19. Re1 Ra4 20. Bd1 Ra5 21. Rbe2 Bc6
22. Bc2 Rxa2 23. e5 dxe5 24. fxe5 Ra5 25. Qd3 Nf8 26. Bf4 Bb7
27. h4 Qc5+ 28. Kh2 Ba6 29. Re4 Qf2+ 30. Kh3 Bb7 31. Qe2 Bc8+
32. g4 Qxe2 33. R4xe2 h5 34. Bf5 hxg4+ 35. Bxg4 Bxg4+ 36. Kxg4
Rd8 37. h5 Ra4 38. Re4 Rd3 39. Rd4 Rxd4 40. cxd4 Rxc4 41. d5
Nd7 42. Kf5 Rd4 43. d6 cxd6 44. exd6 Rd5+ 45. Kg4 Nf6+ 46. Kf3
Nxh5 47. Re8+ Kh7 48. Be5 Kg6 49. Ke4 Rd1 50. Re7 Nf6+ 51. Kf3
Rd3+ 52. Ke2 Rd5 53. Bf4 a5 54. Ra7 Ne4 55. Rb7 f6 56. Rxb6
Kf5 57. Ke3 Nc5 58. Bh2 a4 59. Rb5 Ke6 60. Ra5 Nb7 61. Rxa4
Nxd6 62. Ra6 Ke7 63. Ra7+ Kf8 64. Kf3 Nf7 65. Bf4 Kg8 66. Ke4
Rb5 67. Kf3 Ng5+ 68. Kg3 Kh7 69. Re7 Kg6 70. Bd6 Rb3+ 71. Kg2
Nf3 72. Bg3 Nd4 73. Bf2 Nf5 74. Re8 Kg5 75. Re4 Kh5 76. Kh2
Rb2 77. Kg2 g5 78. Re6 Nh4+ 79. Kg1 f5 80. Re8 Kg4 81. Ra8
Rb1+ 82. Kh2 Rf1 83. Ra4+ f4 84. Bc5 Rf3 85. Kg1 Rc3 86. Bf2
Kh3 87. Kf1 Nf5 88. Be1 Rc2 89. Bf2 Ng3+ 90. Ke1 0-1

[Event "Bled Olympiad"]
[Site "Bled SLO"]
[Date "2002.10.28"]
[EventDate "2002.10.26"]
[Round "3"]
[Result "1/2-1/2"]
[White "Dawit Wondimu"]
[Black "Valery Grechihin"]
[WhiteElo "2200"]
[BlackElo "2543"]
[PlyCount "76"]

1. d4 Nf6 2. c4 c5 3. d5 e6 4. Nc3 exd5 5. cxd5 d6 6. e4 g6
7. Bd3 Bg7 8. h3 O-O 9. Nf3 b5 10. O-O c4 11. Bc2 b4 12. Ne2
Re8 13. Ng3 a5 14. Re1 Nbd7 15. Nd4 Nc5 16. Bf4 Qd7 17. Qd2
Ba6 18. Rad1 Rec8 19. Nc6 c3 20. bxc3 bxc3 21. Qc1 Bb5 22. Nd4
Ba4 23. Nb3 Nxb3 24. axb3 Bb5 25. e5 dxe5 26. Bxe5 a4 27. bxa4
Bxa4 28. d6 Bxc2 29. Qxc2 Qc6 30. Ne2 Nd5 31. Bxg7 Kxg7
32. Qe4 Nf6 33. Qxc6 Rxc6 34. Rc1 Rxd6 35. Nxc3 Rd2 36. Re2
Rad8 37. Rxd2 Rxd2 38. Re1 Ng8 1/2-1/2

[Event "Bled Olympiad"]
[Site "Bled SLO"]
[Date "2002.10.28"]
[EventDate "2002.10.26"]
[Round "3"]
[Result "0-1"]
[White "Shadrack Kantinti"]
[Black "Saad Abdullah Sarsam"]
[WhiteElo "2200"]
[BlackElo "2409"]
[PlyCount "100"]

1. e4 e5 2. Nf3 Nf6 3. Nc3 Nc6 4. Bc4 Nxe4 5. Bxf7+ Kxf7
6. Nxe4 d5 7. Neg5+ Kg8 8. d4 h6 9. Nh3 Bxh3 10. gxh3 exd4
11. Nxd4 Qh4 12. Ne2 d4 13. O-O Qxh3 14. Nxd4 Bd6 15. f4 Nxd4
16. Qxd4 Re8 17. Bd2 Qf5 18. Qd3 Qxd3 19. cxd3 Re2 20. Bc3 Kf7
21. Rae1 Rhe8 22. Be5 Rxe1 23. Rxe1 Bxe5 24. fxe5 Rd8 25. Rc1
c6 26. Rc3 Ke6 27. Rb3 b6 28. Ra3 Rd7 29. d4 Rxd4 30. Rxa7
Rg4+ 31. Kf2 Kxe5 32. Ra6 Rb4 33. b3 Kd5 34. Ra7 g5 35. Rh7
Rh4 36. Kg3 b5 37. a3 c5 38. Rb7 Kc6 39. Rf7 c4 40. Rf6+ Kb7
41. Rf7+ Kb6 42. Rf6+ Ka5 43. Rf3 Rd4 44. Rc3 h5 45. Kf2 Kb6
46. Re3 Rd2+ 47. Kg1 Kc5 48. b4+ Kd4 49. Re8 c3 50. Rd8+ Ke5
0-1

[Event "Bled Olympiad"]
[Site "Bled SLO"]
[Date "2002.10.28"]
[EventDate "2002.10.26"]
[Round "3"]
[Result "1/2-1/2"]
[White "Friedrich Karl Volkmann"]
[Black "Edvins Kengis"]
[WhiteElo "2435"]
[BlackElo "2570"]
[PlyCount "91"]

1. e4 c5 2. Nf3 e6 3. d4 cxd4 4. Nxd4 a6 5. Bd3 g6 6. c4 Bg7
7. Ne2 Nc6 8. Nbc3 Nf6 9. O-O O-O 10. Bg5 Qa5 11. Qd2 Ng4
12. Kh1 f5 13. f4 Qc5 14. Bh4 Qe3 15. Rad1 Qxd2 16. Rxd2 Ne3
17. Rc1 fxe4 18. Nxe4 Nf5 19. Bf2 d5 20. cxd5 exd5 21. Nc5
Nfe7 22. g3 Re8 23. Kg2 b5 24. Nb3 Bd7 25. Ned4 Rac8 26. Be2
Nxd4 27. Rxc8 Rxc8 28. Bxd4 Nf5 29. Bxg7 Kxg7 30. Kf2 Be6
31. Bf3 Nd6 32. Bxd5 Bxd5 33. Rxd5 Rc2+ 34. Kf3 Nc4 35. Rd7+
Kg8 36. Rd8+ Kf7 37. Rd7+ Kg8 38. Ra7 Rxb2 39. Rxa6 Rxh2
40. Ra7 Nd2+ 41. Kg4 Ne4 42. Nd4 Rf2 43. Ne6 Nf6+ 44. Kg5 Ne4+
45. Kg4 Nf6+ 46. Kg5 1/2-1/2

[Event "Bled Olympiad"]
[Site "Bled SLO"]
[Date "2002.10.28"]
[EventDate "2002.10.26"]
[Round "3"]
[Result "1-0"]
[White "Jaime Alexander Cuartas Medina"]
[Black "Kai Bjerring"]
[WhiteElo "2435"]
[BlackElo "2265"]
[PlyCount "73"]

1. e4 c5 2. Nf3 e6 3. d4 cxd4 4. Nxd4 Nf6 5. Nc3 Nc6 6. Ndb5
Bc5 7. Nd6+ Ke7 8. Bf4 e5 9. Nf5+ Kf8 10. Bg5 d6 11. Ne3 h6
12. Bxf6 Qxf6 13. Qd2 Be6 14. Ncd5 Bxe3 15. Nxe3 Rd8 16. O-O-O
g5 17. Kb1 Kg7 18. Bc4 Rc8 19. f3 Rhd8 20. h4 Ne7 21. Bxe6
fxe6 22. hxg5 Qxg5 23. Ng4 Ng8 24. Qxg5+ hxg5 25. Rd3 Rc5
26. Rhd1 Nf6 27. Nxf6 Kxf6 28. Rxd6 Rxd6 29. Rxd6 g4 30. Rd8
gxf3 31. gxf3 Kg5 32. Rf8 Rc7 33. c3 Kh4 34. Rf6 Rc6 35. Rg6
a6 36. Kc2 Rd6 37. a4 1-0

[Event "Bled Olympiad"]
[Site "Bled SLO"]
[Date "2002.10.28"]
[EventDate "2002.10.26"]
[Round "3"]
[Result "1/2-1/2"]
[White "Georg Danner"]
[Black "Normunds Miezis"]
[WhiteElo "2370"]
[BlackElo "2523"]
[PlyCount "264"]

1. d4 e6 2. Nf3 b6 3. e3 Bb7 4. Bd3 f5 5. O-O Nf6 6. c4 Bd6
7. Nc3 O-O 8. Ne5 Bxe5 9. dxe5 Ng4 10. Be2 Nxe5 11. b3 Rf6
12. f4 Rg6 13. e4 Ng4 14. Bf3 Bc6 15. exf5 exf5 16. Nd5 a5
17. Ba3 Kh8 18. Ne7 Rf6 19. Bxg4 fxg4 20. Qxg4 d6 21. Rae1 Bd7
22. Qf3 Ra7 23. Re3 Be6 24. Nd5 Bxd5 25. cxd5 Nd7 26. Rfe1 Ra8
27. Bb2 Rf7 28. Qh5 Qf8 29. g3 Kg8 30. Qg4 Qc8 31. h4 h6
32. Re7 Ne5 33. Qxc8+ Rxc8 34. Rxf7 Nxf7 35. Kf2 Kf8 36. Rc1
Nd8 37. Bd4 b5 38. a4 bxa4 39. bxa4 c5 40. Bc3 Nb7 41. Rb1 Rc7
42. Ke3 c4 43. Rb5 Nc5 44. Rxa5 Kf7 45. Ra8 Re7+ 46. Kf3 Rb7
47. Bd4 Nb3 48. Be3 Rc7 49. a5 c3 50. a6 c2 51. a7 Kg6 52. f5+
Kh5 53. Rb8 Nd4+ 54. Ke4 Re7+ 55. Kxd4 Rxe3 56. Rc8 Ra3
57. Rxc2 Rxa7 58. Rc6 Rd7 59. Rc8 Kg4 60. f6 gxf6 61. Rg8+ Kf5
62. g4+ Kf4 63. Rg6 Rf7 64. h5 Rf8 65. Kc4 Ke4 66. Rxh6 Rc8+
67. Kb4 Ke5 68. Rg6 Kxd5 69. Rxf6 Rc4+ 70. Kb3 Rxg4 71. Kc3
Rh4 72. h6 Rh3+ 73. Kd2 Ke5 74. Rg6 d5 75. Ra6 Ke4 76. Rg6
Rh2+ 77. Kd1 d4 78. Rg4+ Kd5 79. Rg5+ Kc4 80. Rg3 Rxh6 81. Kd2
Rh4 82. Rf3 Rh2+ 83. Kd1 Ra2 84. Rh3 Rb2 85. Rg3 Rf2 86. Rh3
Kd5 87. Ke1 Rg2 88. Ra3 Kc4 89. Rh3 Rc2 90. Kd1 Rc3 91. Rh2
Rd3+ 92. Kc1 Ra3 93. Kb2 Rb3+ 94. Kc1 Kc3 95. Rc2+ Kd3
96. Rd2+ Ke3 97. Rh2 Rc3+ 98. Kd1 Kd3 99. Ra2 Rb3 100. Rd2+
Ke4 101. Re2+ Re3 102. Rh2 Ra3 103. Re2+ Kd5 104. Rc2 Ra1+
105. Kd2 Ke4 106. Rb2 Rh1 107. Rb3 Ra1 108. Rh3 Ra2+ 109. Kd1
Rf2 110. Ke1 Rg2 111. Kd1 Kd5 112. Ra3 Rf2 113. Ke1 Rb2
114. Kd1 Kc4 115. Rh3 Rb1+ 116. Kd2 Rg1 117. Ra3 Rg2+ 118. Kd1
Rf2 119. Rh3 Rb2 120. Rg3 Rf2 121. Rh3 Rg2 122. Rf3 Rh2
123. Rg3 Kd5 124. Rb3 Ke4 125. Ra3 Rf2 126. Rb3 Rf1+ 127. Kd2
Rh1 128. Ra3 Rf1 129. Rh3 Rf2+ 130. Kd1 Kf4 131. Rh4+ Ke3
132. Rh3+ Ke4 1/2-1/2

[Event "Bled Olympiad"]
[Site "Bled SLO"]
[Date "2002.10.28"]
[EventDate "2002.10.26"]
[Round "3"]
[Result "1/2-1/2"]
[White "Roland Berzinsh"]
[Black "Siegfried Baumegger"]
[WhiteElo "2472"]
[BlackElo "2359"]
[PlyCount "61"]

1. e4 e5 2. Nf3 Nc6 3. Bc4 Nf6 4. d3 Be7 5. O-O O-O 6. Re1 d6
7. a4 Bg4 8. c3 Nd7 9. Nbd2 Bg5 10. h3 Bxf3 11. Nxf3 Bxc1
12. Qxc1 Ne7 13. a5 Ng6 14. g3 Kh8 15. d4 c6 16. Kg2 Nf6
17. Qe3 Qc7 18. dxe5 Nxe5 19. Nxe5 dxe5 20. b4 Ne8 21. Qc5 Nf6
22. Rad1 a6 23. Qd6 Qxd6 24. Rxd6 Kg8 25. Kf3 Rfd8 26. Red1
Rxd6 27. Rxd6 Kf8 28. Rd1 Ke7 29. Ke3 Ne8 30. Be2 Nd6 31. f4
1/2-1/2

[Event "Bled Olympiad"]
[Site "Bled SLO"]
[Date "2002.10.28"]
[EventDate "2002.10.26"]
[Round "3"]
[Result "1/2-1/2"]
[White "Artek Ovezov"]
[Black "Tomas Oral"]
[WhiteElo "2353"]
[BlackElo "2546"]
[PlyCount "91"]

1. e4 c5 2. Nf3 Nc6 3. d4 cxd4 4. Nxd4 Qc7 5. Nc3 e6 6. g3 a6
7. Bg2 Nf6 8. O-O Nxd4 9. Qxd4 Bc5 10. Qd3 d6 11. Na4 Ba7
12. Bf4 e5 13. Bg5 Ng4 14. h3 h6 15. Bd2 Bd7 16. Nc3 Nf6
17. Rad1 Be6 18. Rfe1 O-O 19. Be3 Bxe3 20. Rxe3 Rfd8 21. Qd2
b5 22. a3 Qb6 23. Rd3 Ne8 24. Kh2 Bc4 25. Re3 a5 26. b3 Be6
27. f4 f6 28. Nd5 Bxd5 29. exd5 b4 30. a4 Rac8 31. Be4 Rc3
32. Rxc3 bxc3 33. Qe2 Nc7 34. Rd3 exf4 35. gxf4 Re8 36. Qf3
Na6 37. Rxc3 Qd4 38. Bg6 Qd2+ 39. Kg3 Qe1+ 40. Kg4 f5+ 41. Kh5
Nc5 42. Qg3 Qe2+ 43. Qf3 Qe1 44. Qg3 Qe2+ 45. Qf3 Qe1 46. Qg3
1/2-1/2

[Event "Bled Olympiad"]
[Site "Bled SLO"]
[Date "2002.10.28"]
[EventDate "2002.10.26"]
[Round "3"]
[Result "1/2-1/2"]
[White "Amanmurad Kakageldyev"]
[Black "Vlastimil Babula"]
[WhiteElo "2468"]
[BlackElo "2590"]
[PlyCount "63"]

1. d4 Nf6 2. c4 e6 3. Nc3 Bb4 4. Qc2 O-O 5. a3 Bxc3+ 6. Qxc3
b6 7. Bg5 Bb7 8. e3 d6 9. Nf3 Nbd7 10. Be2 Rc8 11. Bh4 c5
12. dxc5 Rxc5 13. b4 Rc8 14. Qd4 Qe7 15. Rd1 Ba6 16. b5 Bb7
17. Qxd6 Qxd6 18. Rxd6 Bxf3 19. gxf3 Ne5 20. Rd4 Rfd8
21. Rxd8+ Rxd8 22. O-O Rd2 23. Bg3 Nfd7 24. Bxe5 Nxe5 25. f4
Rxe2 26. fxe5 Rc2 27. Rd1 g5 28. Rd7 Rxc4 29. Rxa7 Rc5 30. a4
Rxe5 31. Ra6 Re4 32. Rxb6 1/2-1/2

[Event "Bled Olympiad"]
[Site "Bled SLO"]
[Date "2002.10.28"]
[EventDate "2002.10.26"]
[Round "3"]
[Result "1-0"]
[White "David Navara"]
[Black "Meilis Annaberdiev"]
[WhiteElo "2567"]
[BlackElo "2305"]
[PlyCount "75"]

1. Nf3 Nf6 2. c4 g6 3. g3 Bg7 4. Bg2 O-O 5. O-O d6 6. d4 Nc6
7. Nc3 a6 8. e3 e5 9. d5 Ne7 10. e4 Nd7 11. Ne1 f5 12. Nd3 Nf6
13. f3 fxe4 14. fxe4 c5 15. a3 Bg4 16. Qe1 Rc8 17. Be3 Bd7
18. Kh1 b5 19. cxb5 axb5 20. b4 c4 21. Nb2 Rb8 22. Rb1 Qe8
23. a4 Nc8 24. axb5 Bxb5 25. Qe2 Rf7 26. Nxb5 Qxb5 27. Nxc4
Rc7 28. Rfc1 Qa4 29. Bd2 Qb5 30. Bf1 Rf7 31. Rb3 Bf8 32. Bh3
Nb6 33. Be6 Rbb7 34. Rf3 Kg7 35. Bg5 Qxb4 36. Nxb6 Qxb6
37. Rcf1 Qd8 38. Bxf7 1-0

[Event "Bled Olympiad"]
[Site "Bled SLO"]
[Date "2002.10.28"]
[EventDate "2002.10.26"]
[Round "3"]
[Result "1-0"]
[White "Alexander Moiseenko"]
[Black "Priit Leito"]
[WhiteElo "2570"]
[BlackElo "2347"]
[PlyCount "89"]

1. d4 d5 2. c4 e6 3. Nf3 c5 4. e3 Nc6 5. Nc3 Nf6 6. cxd5 exd5
7. Bb5 Be7 8. dxc5 Bxc5 9. O-O O-O 10. b3 Bg4 11. Bb2 a6
12. Bxc6 bxc6 13. Rc1 Bd6 14. Ne2 Rc8 15. Ng3 Re8 16. Qd3 Ne4
17. Rc2 Nxg3 18. hxg3 Be6 19. Qxa6 Ra8 20. Qd3 Rxa2 21. Bf6
Qxf6 22. Rxa2 c5 23. Rfa1 Bf8 24. Ra8 Rd8 25. e4 d4 26. Nd2 g6
27. f4 Rxa8 28. Rxa8 Kg7 29. Qb5 Qe7 30. Qb8 Qd6 31. Nc4 Qxb8
32. Rxb8 Be7 33. Re8 Bf8 34. Rb8 Be7 35. Kf2 h5 36. Ke2 Bf8
37. Rb7 Kg8 38. Ne5 Bd6 39. Kd3 Bxe5 40. fxe5 Kg7 41. Kc2 Kh6
42. Rb5 c4 43. b4 Bd7 44. Rd5 Ba4+ 45. Kc1 1-0

[Event "Bled Olympiad"]
[Site "Bled SLO"]
[Date "2002.10.28"]
[EventDate "2002.10.26"]
[Round "3"]
[Result "1/2-1/2"]
[White "Mikhail Rytshagov"]
[Black "Vladimir Baklan"]
[WhiteElo "2503"]
[BlackElo "2607"]
[PlyCount "53"]

1. e4 c5 2. Nf3 d6 3. d4 cxd4 4. Nxd4 Nf6 5. Nc3 Nc6 6. Bg5 e6
7. Qd2 a6 8. O-O-O Bd7 9. f3 h6 10. Be3 Rc8 11. Kb1 b5 12. Bd3
Ne5 13. g4 g6 14. h4 Bg7 15. Nce2 Qc7 16. Rc1 Rb8 17. Rhg1 d5
18. g5 hxg5 19. hxg5 Nxe4 20. fxe4 dxe4 21. Bxe4 Nc4 22. Qd3
Rh3 23. Bf4 Rxd3 24. Bxc7 Rxd4 25. Nxd4 Rc8 26. Rcd1 Rxc7
27. c3 1/2-1/2

[Event "Bled Olympiad"]
[Site "Bled SLO"]
[Date "2002.10.28"]
[EventDate "2002.10.26"]
[Round "3"]
[Result "1-0"]
[White "Fernando Peralta"]
[Black "Emir Dizdarevic"]
[WhiteElo "2478"]
[BlackElo "2520"]
[PlyCount "63"]

1. Nf3 d6 2. d4 Bg4 3. c4 g6 4. Qb3 Qc8 5. h3 Bxf3 6. Qxf3 Bg7
7. e3 e5 8. dxe5 Bxe5 9. Nc3 Bxc3+ 10. bxc3 Nc6 11. c5 dxc5
12. Bb5 Nge7 13. Ba3 Qe6 14. Bxc5 O-O-O 15. Qe2 Qd5 16. Bxe7
Nxe7 17. O-O Qe5 18. Bc4 f5 19. Qb2 Rd6 20. Rab1 Qe4 21. Bb3
Rhd8 22. Rfd1 Nc6 23. Rxd6 Rxd6 24. Bc2 Qc4 25. Qxb7+ Kd7
26. Bb3 Qxc3 27. Ba4 Qa5 28. Qb3 Ke7 29. Bxc6 Rxc6 30. Qg8 Kf6
31. Qd8+ Ke5 32. Qe8+ 1-0

[Event "Bled Olympiad"]
[Site "Bled SLO"]
[Date "2002.10.28"]
[EventDate "2002.10.26"]
[Round "3"]
[Result "1/2-1/2"]
[White "Boris Gulko"]
[Black "Darmen Sadvakasov"]
[WhiteElo "2594"]
[BlackElo "2538"]
[PlyCount "68"]

1. d4 d5 2. c4 dxc4 3. e3 Nf6 4. Bxc4 e6 5. Nf3 c5 6. O-O Nc6
7. Qe2 cxd4 8. Rd1 Be7 9. exd4 O-O 10. Nc3 Na5 11. Bd3 b6
12. Bg5 Bb7 13. Rac1 Rc8 14. Ne5 Nd5 15. Bd2 Nc6 16. Nf3 Bf6
17. Be3 g6 18. Bh6 Re8 19. Bb5 Nxc3 20. bxc3 Qd5 21. c4 Qh5
22. Qe3 a6 23. Bxc6 Bxc6 24. Ne5 g5 25. Qh3 Qxh3 26. gxh3 Bg7
27. Nxc6 Bxh6 28. d5 Bf8 29. h4 gxh4 30. Rd4 Rc7 31. Rxh4 b5
32. Rg4+ Kh8 33. cxb5 axb5 34. Re1 Rec8 1/2-1/2

[Event "Bled Olympiad"]
[Site "Bled SLO"]
[Date "2002.10.28"]
[EventDate "2002.10.26"]
[Round "3"]
[Result "1/2-1/2"]
[White "Ioannis Papaioannou"]
[Black "Zurab Azmaiparashvili"]
[WhiteElo "2587"]
[BlackElo "2666"]
[PlyCount "41"]

1. d4 Nf6 2. c4 g6 3. Nc3 d5 4. cxd5 Nxd5 5. e4 Nxc3 6. bxc3
c5 7. Bb5+ Bd7 8. Bxd7+ Nxd7 9. Nf3 Bg7 10. O-O O-O 11. Rb1
Qc7 12. Bg5 Rfe8 13. Qd2 e5 14. d5 Nb6 15. Qe2 f5 16. Bc1 fxe4
17. Qxe4 Qf7 18. Rd1 Rad8 19. d6 Re6 20. Be3 Rexd6 21. Rxd6
1/2-1/2

[Event "Bled Olympiad"]
[Site "Bled SLO"]
[Date "2002.10.28"]
[EventDate "2002.10.26"]
[Round "3"]
[Result "0-1"]
[White "Stelios Halkias"]
[Black "Mikhael Mchedlishvili"]
[WhiteElo "2528"]
[BlackElo "2551"]
[PlyCount "88"]

1. d4 Nf6 2. c4 e6 3. Nf3 b6 4. Nc3 Bb4 5. Bg5 Bb7 6. Qb3 c5
7. Rd1 O-O 8. e3 cxd4 9. exd4 Be7 10. Be2 h6 11. Bxf6 Bxf6
12. O-O Nc6 13. d5 Ne5 14. Nd4 exd5 15. cxd5 Ng6 16. Nf5 Be5
17. Ne4 d6 18. g3 Bc8 19. Bg4 Re8 20. Rfe1 Ne7 21. Nxe7+ Rxe7
22. Bxc8 Rxc8 23. f4 Bf6 24. Qb4 Rc2 25. Rc1 a5 26. Nxf6+ gxf6
27. Qb5 Rxe1+ 28. Rxe1 Qc7 29. Re2 Rxe2 30. Qxe2 Qc5+ 31. Qf2
Qxd5 32. Qxb6 Qxa2 33. Kg2 a4 34. Kf3 Qd5+ 35. Ke3 Qg2
36. Qxd6 Qxb2 37. Qd7 Qb6+ 38. Kd3 a3 39. Qc8+ Kg7 40. Qg4+
Kf8 41. Qc8+ Ke7 42. Qc3 a2 43. Qe1+ Kf8 44. Kc2 Qd4 0-1

[Event "Bled Olympiad"]
[Site "Bled SLO"]
[Date "2002.10.28"]
[EventDate "2002.10.26"]
[Round "3"]
[Result "1-0"]
[White "Zurab Sturua"]
[Black "Hristos Banikas"]
[WhiteElo "2536"]
[BlackElo "2520"]
[PlyCount "66"]

1. d4 Nf6 2. Nf3 g6 3. c4 c5 4. Nc3 cxd4 5. Nxd4 Nc6 6. g3 d6
7. Bg2 Bd7 8. O-O Bg7 9. Nc2 a6 10. Bd2 O-O 11. b3 Rb8 12. a4
e6 13. Rb1 Ne7 14. Bf4 Ne8 15. Qd3 Bc6 16. Rfd1 Rc8 17. e4 h6
18. h4 g5 19. hxg5 Ng6 20. gxh6 Nxf4 21. gxf4 Bxh6 22. Ne2 Qf6
23. Qh3 Ng7 24. Ne3 Bxf4 25. Ng4 Qg5 26. Nxf4 Qxf4 27. Qh4 Nh5
28. Qxh5 f5 29. exf5 exf5 30. Qg6+ Kh8 31. Rxd6 Rc7 32. Qh5+
Rh7 33. Rh6 Rff7 1-0

[Event "Bled Olympiad"]
[Site "Bled SLO"]
[Date "2002.10.28"]
[EventDate "2002.10.26"]
[Round "3"]
[Result "1/2-1/2"]
[White "Zviad Izoria"]
[Black "Angelos Vouldis"]
[WhiteElo "2572"]
[BlackElo "2526"]
[PlyCount "49"]

1. d4 Nf6 2. Nf3 g6 3. c4 Bg7 4. g3 O-O 5. Bg2 d6 6. O-O Nbd7
7. Nc3 e5 8. h3 c6 9. e4 Qa5 10. Be3 exd4 11. Bxd4 Re8 12. Nd2
Qc7 13. Re1 a6 14. Rc1 h5 15. b3 b6 16. f4 Bb7 17. Bf2 Rad8
18. Nf3 Qb8 19. Ng5 b5 20. cxb5 cxb5 21. b4 Rc8 22. Qb3 Re7
23. f5 Ne5 24. fxg6 Nxg6 25. a4 1/2-1/2

[Event "Bled Olympiad"]
[Site "Bled SLO"]
[Date "2002.10.28"]
[EventDate "2002.10.26"]
[Round "3"]
[Result "1/2-1/2"]
[White "Vladimir Georgiev"]
[Black "Mihail Marin"]
[WhiteElo "2501"]
[BlackElo "2556"]
[PlyCount "40"]

1. d4 Nf6 2. c4 e6 3. Nc3 Bb4 4. e3 c5 5. Bd3 Nc6 6. Nge2 cxd4
7. exd4 d5 8. cxd5 Nxd5 9. O-O O-O 10. Nxd5 exd5 11. Nf4 Bd6
12. Re1 Nb4 13. Bb1 Qf6 14. a3 Bxf4 15. Bxf4 Qxf4 16. axb4 Bg4
17. f3 Bd7 18. Ba2 Rfe8 19. Rxe8+ Bxe8 20. Qd3 Rc8 1/2-1/2

[Event "Bled Olympiad"]
[Site "Bled SLO"]
[Date "2002.10.28"]
[EventDate "2002.10.26"]
[Round "3"]
[Result "1/2-1/2"]
[White "Dejan Stojanovski"]
[Black "Levente Vajda"]
[WhiteElo "2431"]
[BlackElo "2576"]
[PlyCount "110"]

1. e4 e5 2. Nf3 Nc6 3. Bb5 a6 4. Bxc6 dxc6 5. Nc3 f6 6. d4
exd4 7. Qxd4 Qxd4 8. Nxd4 Bd6 9. Be3 Ne7 10. O-O-O O-O 11. f4
Re8 12. g3 b5 13. Rhe1 c5 14. Nb3 c4 15. Nc5 Nc6 16. a3 Rb8
17. b3 cxb3 18. cxb3 b4 19. axb4 Nxb4 20. N3a4 Bg4 21. Rd2 Bh5
22. Kb2 Bf7 23. Bf2 Nc6 24. Kc3 Na5 25. b4 Nc4 26. Rde2 a5
27. bxa5 Nxa5 28. e5 fxe5 29. fxe5 Be7 30. e6 Bg6 31. Rb2 Ra8
32. Nd7 Nc4 33. Kxc4 Rxa4+ 34. Kd5 Ba3 35. Rb8 Ra5+ 36. Kc6
Bd6 37. Rxe8+ Bxe8 38. Rb1 Re5 39. Re1 Rf5 40. Bd4 Bh5 41. Kb7
c5 42. Kc6 cxd4 43. Kxd6 d3 44. Rb1 g5 45. Rb2 Rf1 46. Rd2 Be2
47. e7 Kf7 48. Ne5+ Ke8 49. Nxd3 Bxd3 50. Rxd3 Re1 51. Rd5 h6
52. Re5 Rxe5 53. Kxe5 Kxe7 54. Kf5 Kf7 55. g4 Kg7 1/2-1/2